Normal view MARC view

Entry Personal Name

Number of records used in: 1

001 - CONTROL NUMBER

  • control field: 528916

003 - CONTROL NUMBER IDENTIFIER

  • control field: OSt

005 - DATE AND TIME OF LATEST TRANSACTION

  • control field: 20220930071755.0

008 - FIXED-LENGTH DATA ELEMENTS

  • fixed length control field: 220930|| aca||aabn | a|a d

040 ## - CATALOGING SOURCE

  • Original cataloging agency: OSt
  • Transcribing agency: OSt

100 ## - HEADING--PERSONAL NAME

  • Personal name: Jaiswal Shri Dutt

670 ## - SOURCE DATA FOUND

  • Source citation: Work cat.: (OSt)862812: Jaiswal Shri Dutt, Madhyakalin 15 vi shatabdi ke sant kaviyon ka bhasha vaganik adhyayan, 1976
Copyright @ Delhi University Library System